| 000 | 01575nam a22003374i 4500 | ||
|---|---|---|---|
| 001 | 991061597660106706 | ||
| 003 | ES-BaIT | ||
| 005 | 20260130142100.0 | ||
| 008 | 260127s2023 sp 000 d cat c | ||
| 017 |
_aDL PM 01452-2023 _bOficina DL Mallorca |
||
| 020 | _a9788412689242 | ||
| 040 |
_aES-BaIT _bcat _erda _cES-BaIT |
||
| 080 | _a849.9-2"20" | ||
| 100 |
_aMas Fiol, Miquel, _d1996- _eautor _9153927 |
||
| 245 | 1 | 0 |
_aFetge inclòs / _cMiquel Mas Fiol |
| 264 | 1 |
_aMallorca : _bAdiA Edicions, _c2023 |
|
| 300 |
_a123 pàgines ; _c20 cm |
||
| 336 |
_atext _btxt _2rdacontent |
||
| 337 |
_asense mediació _bn _2rdamedia |
||
| 338 |
_avolum _bnc _2rdacarrier |
||
| 490 | 1 |
_aCol·lecció Jàssera _v4 |
|
| 500 | _aP11: D5, H6 i altres | ||
| 520 | _a"En una illa abocada a la nostàlgia d’un passat turístic gloriós, un metge i un matancer que es dediquen a vendre fetges pel mercat negre trobaran una oportunitat d’or quan raptin al Subjecte Trenta-Tres, un vagabund capaç de regenerar el seu fetge ràpidament. A partir d’aquí, tots dos posaran en marxa un macabre i sanguinari negoci: el «turisme sanitari».En vers, esbojarrada i amb molta mala llet, Fetge inclòs és una crítica delirant sobre el capitalisme desbocat i el turisme de masses." -- Contracoberta | ||
| 586 | _aPremi Llorenç Moyà d'Obres Dramàtiques 2022 | ||
| 650 | 0 |
_aCapitalisme _vTextos dramàtics _9166462 |
|
| 650 | 0 |
_aTurisme de masses _vTextos dramàtics _9168249 |
|
| 830 | 0 |
_aCol·lecció Jàssera _9168250 _v4 |
|
| 908 | _aCDMAE | ||
| 940 | _aCVA38 | ||
| 942 |
_2udc _c1 |
||
| 999 |
_c136973 _d136973 |
||